Statistics for 25 Biggest Cities in Australia

Click here to take the quiz!

General Stats

  • This quiz has been taken 155 times
  • The average score is 14 of 25

Answer Stats

PopulationCity% Correct
3 910 000Sydney
99%
3 710 000Melbourne
97%
1 630 000Perth
96%
1 875 000Brisbane
92%
1 105 000Adelaide
91%
390 000Canberra
90%
105 000Darwin
90%
170 000Hobart
77%
535 000Gold Coast
74%
135 000Cairns
68%
310 000Newcastle
68%
155 000Townsville
57%
210 000Sunshine Coast
55%
145 000Geelong
53%
245 000Wollongong
49%
75 000Launceston
43%
85 000Ballarat
36%
75 000Mackay
34%
75 000Albury
32%
80 000Bendigo
32%
95 000Toowoomba
30%
65 000Bunbury
20%
300 000Central Coast
20%
70 000Mandurah
6%
65 000Maitland
4%

Score Distribution

Percentile by Number Answered

Percent of People with Each Score

Your Score History

You have not taken this quiz